Critical readings : moral pains and the media (Record no. 142043)

MARC details
000 -LEADER
fixed length control field 00518nam a2200181Ia 4500
008 - FIXED-LENGTH DATA ELEMENTS--GENERAL INFORMATION
fixed length control field 191130s2006##################000#0#eng##
020 ## - INTERNATIONAL STANDARD BOOK NUMBER
ISBN 9780335218073
082 ## - DEWEY DECIMAL CLASSIFICATION NUMBER
Classification number 338.542 CRI
245 ## - TITLE STATEMENT
Title Critical readings : moral pains and the media
Statement of responsibility, etc edited by chas critcher
260 ## - PUBLICATION, DISTRIBUTION, ETC. (IMPRINT)
Place of publication Maidenhead
Name of publisher Open University Press
Year of publication 2006
300 ## - PHYSICAL DESCRIPTION
Number of Pages 329 p.; 24 cm
650 ## - SUBJECT ADDED ENTRY--TOPICAL TERM
Topical Term Economics
700 ## - ADDED ENTRY--PERSONAL NAME
Personal name Critcher, chas
991 ## -
-- 184445
Holdings
Withdrawn status Lost status Damaged status Not for loan Home library Current library Shelving location Date acquired Full call number Accession Number Price effective from Koha item type
        Anna Centenary Library Anna Centenary Library 4TH FLOOR, A WING 12.10.2020 338.542 CRI 254549 12.10.2020 English Books

Find us on the map